Countries ending with R - Statistics

General Stats
  • This quiz has been taken 153 times
  • The average score is 4 of 7
Answer Stats
Answer % Correct
Niger
70%
Qatar
62%
Ecuador
54%
Madagascar
54%
El Salvador
47%
Myanmar
42%
East Timor
31%
No matching quizzes found
Score Distribution
Percent of People with Each Score
Percentile by Number Answered
Your Score History
You have not taken this quiz